|
|
|
|
| LEADER |
00000nab a2200000 a 4500 |
| 001 |
vtls000822749 |
| 003 |
SK-MaSNL |
| 005 |
20260303201458.0 |
| 008 |
160321c2002 xo 0 slo |
| 015 |
|
|
|a SNBRB2003/01-01810
|
| 035 |
|
|
|a CLN000174404
|
| 040 |
|
|
|a SNKBUCL
|b slo
|c SNKBUCL
|e AACR2
|
| 041 |
0 |
|
|a slo
|
| 044 |
|
|
|a xo
|c SK
|
| 080 |
|
|
|a 78.071.2:784.66
|2 UDC-MRF-SK2
|
| 080 |
|
|
|a 784.66
|2 UDC-MRF-SK2
|
| 080 |
|
|
|a 929 Kubišová, Marta
|2 UDC-MRF-SK2
|
| 100 |
1 |
|
|a Štrasser, Ján,
|d 1946-
|4 ain
|9 93512
|
| 245 |
1 |
0 |
|a Slobodne som sa rozhodla, že budem prekážať
|b Marta Kubišová:
|c [zhovárali sa] Ján Štrasser, Štefan Hríb
|
| 300 |
|
|
|b Fotogr.
|
| 600 |
1 |
7 |
|a Kubišová, Marta,
|d 1942-
|2 snkbucl
|9 122452
|
| 655 |
|
7 |
|a články z novín a časopisov
|2 snkbucl
|9 267496
|
| 700 |
1 |
|
|a Hríb, Štefan,
|d 1965-
|4 aut
|4 ain
|
| 700 |
1 |
|
|a Kubišová, Marta,
|d 1942-
|4 aut
|4 uin
|9 122452
|
| 773 |
0 |
|
|x 1335-4426
|t Domino fórum
|g Roč. 11, č. 51-52 (2002), s. 12-13
|
| 850 |
|
|
|a Slovenská národná knižnica v Martine
|
| 852 |
|
|
|a SNK
|b KIS3GCP
|
| 958 |
|
|
|a CZ
|
| 958 |
|
|
|a BC
|
| 958 |
|
|
|a RBX
|
| 999 |
|
|
|c 2174366
|d 2176296
|